Нормален изглед
MARC изглед
- Арнаудова, Боянка Апостолова
Вход 01. Лично име
001 - Контролен номер на записа
- Контролно поле: 271527
003 - Код на организацията, даваща контролен номер
- Контролно поле: BLK
005 - Дата и час на последна промяна на записа
- Контролно поле: 20240402093936.0
008 - Данни с фиксирана дължина – обща информация
- Данни с фиксирана дължина : 180420|| aca||aabn | a|a d
100 ## - ИМЕ НА ЛИЦЕ -ПЪРВИЧНА ИНТЕЛЕКТУАЛНА ОТГОВОРНОСТ
- Лично име: Арнаудова, Боянка Апостолова
- Друга информация: 1941
- Дати, свързани с автора: Музиколог, музикален критик и педагог.
942 ## - Системна служебна употреба
- Koha auth type: PERSO_NAME